000 00407nam a2200157 a 4500
005 20140412111232.0
008 110408s19uu xx 00 eng d
020 _a8178132052
050 _aER
_bBr826 19_?
245 _aBrave little tailor (The).
260 _aIndia :
_bSunrise Publisher,
_c19_?.
300 _a12p
440 _aSunrise fairytales
650 _aFairy tales-
_xfiction.
999 _c102225
_d102225